000 00857cab a2200277 4500
001 WB3118-26
008 090401t1995 xxu||||| |||| 00| 0 eng d
035 _a(Sirsi) u65771
041 _aeng
245 _a7th Directive deadline draws nigh
260 _c1995
350 _a0
490 _aAntiques Trade Gazette
_v(1187) 13 May 1995, 1,4,&56(4)
520 _aDraws auctioneers` attention to the provisions of the 7th EU Directive on VAT coming into force on 1 June 1995 outlined in HM Customs and Excise Notice 718.
650 _aArts and antiques
_96217
650 _aAUCTIONEERS MARGIN SCHEME
650 _aAuctioneering
_96218
650 _aEC DIRECTIVES
650 _aIMPORTS
650 _aVALUE ADDED TAX
650 _aWORKS OF ART
690 _aArts and antiques
_96217
690 _aTAXATION
942 _n0
948 _c04/03/1997
999 _c41055
_d41055